Food Processing Industry in Japan

Uloženo v:
Podrobná bibliografie
Hlavní autor: Ishda, Akira
Médium: Kniha
Jazyk:Undetermined
Vydáno: Tokyo Japan Fao Association 1978
Témata:
Tagy: Přidat tag
Žádné tagy, Buďte první, kdo otaguje tento záznam!
Thư viện lưu trữ: Trung tâm Học liệu Trường Đại học Cần Thơ
LEADER 00468nam a2200181Ia 4500
001 CTU_96787
008 210402s9999 xx 000 0 und d
082 |a 664 
082 |b I.79 
100 |a Ishda, Akira 
245 0 |a Food Processing Industry in Japan 
245 0 |c Akira Ishda 
260 |a Tokyo 
260 |b Japan Fao Association 
260 |c 1978 
650 |a Food industry 
904 |i Hiếu 
980 |a Trung tâm Học liệu Trường Đại học Cần Thơ